000 00319nam a2200133Ia 4500
008 191201s2009 xx 000 0 und d
100 _aEASWARAN,Sunanda
245 0 _aMarketing Research Concepts Practices
250 _aimp6th
260 _aN. Delhi
_bOxford
_c2009
300 _a605
650 _aMBA
942 _2ddc
_cBK
999 _c4812
_d4812